000 00615nam a22002057a 4500
999 _c6933
_d6933
003 OSt
005 20210514094501.0
008 210514b ||||| |||| 00| 0 eng d
020 _a9780852969992
040 _cDDC
082 _a621.389 WIT 2008
100 _aWitte, Robert A.
_914220
245 _aElectronic Test Instruments:
_bAnalog and Digital Measurements
260 _aUpper Saddle River, NJ :
_b Prentice Hall,
_c©2008.
300 _axxix,645p.:
_bill;
_c25cm
504 _a Includes index.
650 _aElectronic instruments.
_913403
650 _aElectronic measurements.
_914221
942 _2ddc
_cBOOK